[Ulrich Schmid (Hg.): Schwert, Kreuz und Adler]

Titel: [Ulrich Schmid (Hg.): Schwert, Kreuz und Adler] / Hans-Jürgen Bömelburg
Verfasser:
In: Zeitschrift für slavische Philologie, Band 72, Heft 1 (2016), Seite 230-232
alle Artikel anzeigen
Veröffentlicht: 2016
Format: Aufsatz
Sprache: Deutsch
Schlagworte:
Kein Bild verfügbar
X
alg: 42654175
001A    $03025:20-02-18 
001B    $01999:27-07-21 $t17:20:04.000 
001C    $03025:20-02-18 $t10:54:21.000 
001D    $03025:20-02-18 
001U    $0utf8 
001X    $00 
002@    $0Oou 
002C    $aText $btxt $2rdacontent 
002D    $aComputermedien $bc $2rdamedia 
002E    $aOnline-Ressource $bcr $2rdacarrier 
003@    $0426541758 
007A    $0426541758 $aHEB 
009Q    $uhttps://zsph.winter-verlag.de/article/ZSPH/2016/1/13 $xH 
010@    $ager 
010E    $erda 
011@    $a2016 
013D    $#Newspapers Sections, columns, etc. Reviews $#Book reviewing $#Journaux Cahiers, chroniques, etc. Comptes rendus $#Livres Recension $#Rezension $#Buchbesprechung $#Buchrezension $#Buchkritik $74049712-4 $8Rezension [Ts1] $9085138568 
021A    $a[Ulrich Schmid (Hg.): Schwert, Kreuz und Adler] $hHans-Jürgen Bömelburg 
028A    $BVerfasser $#Bömelburg, Hans-Jörgen $4aut $7112444881 $8Bömelburg, Hans-Jürgen$Z1961- [Tp1] $9146910222 
031A    $d72 $e1 $h230-232 $j2016 
039B    $aEnthalten in $8--Obvc--. Zeitschrift für slavische Philologie. - Heidelberg : Winter, 1925-. - Online-Ressource. - ISSN 2509-7482 $x201600000720001770 $9359201768 
039T    $8--Aau--. Schwert, Kreuz und Adler. - Wiesbaden : Harrassowitz, 2014. - 584 S.. - Ill.. - ISBN 3-447-10047-8 $9341636657 
045F    $a900.9438 $eDDC23BSB 
045F/01 $a900 
045F/03 $g438 
045T    $aSLAW $qDE-1a $2FID 

lok: 42654175 78

exp: 42654175 78 1 #EPN
201B/01 $020-02-18 $t10:54:08.000 
201C/01 $020-02-18 
201U/01 $0utf8 
203@/01 $01018332227 
208@/01 $a20-02-18 $be 
209A/01 $a/ $f000 $x00 
209A/01 $ab*p $x01 
220C/01 $apgar 
244Z/01 $#Generalgouvernement Polen $#Polska $#Rzeczpospolita Polska $#Polska Rzeczpospolita Ludowa $#Poland $#Pologne $#République Polonaise $#Generalne Gubernatorstwo w Polsce $#Polish People's Republic $#Polska Rzeczpospolita Polen $#PRL $#RP $#Polen Generalgouvernement $#Polska Generalgouvernement $#Besetzte Polnische Gebiete $#Besetztes Gebiet in Polen $#Okupowane Polskie Obszary $#Obszary Okupowane w Polsce $#Volksrepublik Polen $#Polska Rosyjska $#Republic Polen $#Respublika Pol'ša $#Pol'skaja Narodnaja Respublika $#République de Pologne $#Polen Links der Weichsel $#Polska po Lewej Stronie Wisły $#Lenkija $#Polija $#Gubernija Carstva Pol'skago $#Republik Polen $74046496-9 $8--Tg1--Polen $x01 $9085129801 
247C/01 $82080>Marburg/Lahn, Herder-Institut, Forschungsbibliothek, Bibliographieportal $9336309341
LEADER 00000caa a2200000 c 4500
001 426541758
003 DE-603
005 20210727172004.0
007 cr||||||||||||
008 180220s2016 xx |||| o| u00||u|ger c
035 |a (DE-599)HEB426541758 
040 |a DE-603  |b ger  |c DE-603  |d DE-603  |e rda 
041 |a ger 
082 0 4 |8 1\u  |a 900.9438  |q DE-101  |2 23/BSB 
084 |a SLAW  |q DE-1a  |2 fid 
085 |8 1\u  |b 900 
085 |8 1\u  |z 2  |s 438 
100 1 |a Bömelburg, Hans-Jürgen  |d 1961-  |e Verfasser  |4 aut  |0 (DE-603)146910222  |0 (DE-588)112444881  |2 gnd 
245 0 0 |a [Ulrich Schmid (Hg.): Schwert, Kreuz und Adler]  |c Hans-Jürgen Bömelburg 
264 0 |c 2016 
336 |a Text  |b txt  |2 rdacontent 
337 |a Computermedien  |b c  |2 rdamedia 
338 |a Online-Ressource  |b cr  |2 rdacarrier 
655 7 |a Rezension  |2 gnd-content  |0 (DE-588)4049712-4  |0 (DE-603)085138568 
773 0 8 |i Enthalten in  |t Zeitschrift für slavische Philologie  |d Heidelberg : Winter, 1925-  |h Online-Ressource  |x 2509-7482  |g Band 72, Heft 1 (2016), Seite 230-232  |w (DE-603)359201768  |w (DE-600)2821808-5 
787 0 8 |i Rezension von  |t Schwert, Kreuz und Adler  |d Wiesbaden : Harrassowitz, 2014  |h 584 S., Ill.  |z 3447100478  |z 9783447100472  |w (DE-603)341636657 
856 |u https://zsph.winter-verlag.de/article/ZSPH/2016/1/13  |x Verlag 
924 1 |9 2080  |a (DE-603)1018332227  |b DE-2080  |c HES  |d d  |g /